Top 50 Countries With The Most Guns - Statistics

General Stats
  • This quiz has been taken 168 times
  • The average score is 34 of 50
Answer Stats
Rank Country % Correct
1 United States
99%
4 Russia
94%
14 Canada
90%
15 China
90%
5 Germany
88%
18 France
86%
20 Mexico
84%
6 Iran
83%
17 India
82%
7 Brazil
81%
12 Iraq
80%
11 Italy
80%
10 Spain
80%
21 Ukraine
80%
24 Argentina
78%
23 Poland
78%
9 Pakistan
77%
25 Sweden
76%
2 Turkey
76%
30 Norway
75%
26 Afghanistan
74%
50 Egypt
74%
32 Finland
73%
31 Saudi Arabia
73%
36 South Africa
73%
40 Colombia
70%
16 South Korea
70%
8 Vietnam
69%
22 Tie With United Kingdom Portugal
68%
33 Peru
67%
34 Chile
66%
29 Netherlands
64%
3 North Korea
64%
37 Austria
63%
27 Belgium
62%
28 Hungary
61%
46 Kazakhstan
61%
19 Thailand
61%
47 Yemen
61%
38 Bolivia
57%
13 Philippines
54%
44 Laos
51%
43 Malaysia
51%
42 Croatia
47%
35 Estonia
46%
41 Lithuania
46%
45 Uruguay
46%
39 Georgia
39%
48 Sri Lanka
36%
49 Kyrgyzstan
33%
No matching quizzes found
Score Distribution
Percent of People with Each Score
Percentile by Number Answered
Your Score History
You have not taken this quiz